The Romanian Economic Reform Program /

With the start of the process of its transition to a market economy in early 1990, Romania joined the ranks of other reforming Eastern European countries. At the starting point of its reform program, however, Romania was in a deep economic and institutional crisis and had no experience in even modes...

وصف كامل

التفاصيل البيبلوغرافية
المؤلف الرئيسي: Demekas, Dimitri
مؤلفون آخرون: Khan, Mohsin
التنسيق: دورية
اللغة:English
منشور في: Washington, D.C. : International Monetary Fund, 1991.
سلاسل:IMF Working Papers; Working Paper ; No. 1991/080
الوصول للمادة أونلاين:Full text available on IMF
LEADER 01614cas a2200253 a 4500
001 AALejournalIMF008555
008 230101c9999 xx r poo 0 0eng d
020 |c 5.00 USD 
020 |z 9781451850246 
022 |a 1018-5941 
040 |a BD-DhAAL  |c BD-DhAAL 
100 1 |a Demekas, Dimitri. 
245 1 4 |a The Romanian Economic Reform Program /  |c Dimitri Demekas, Mohsin Khan. 
264 1 |a Washington, D.C. :  |b International Monetary Fund,  |c 1991. 
300 |a 1 online resource (56 pages) 
490 1 |a IMF Working Papers 
500 |a <strong>Off-Campus Access:</strong> No User ID or Password Required 
500 |a <strong>On-Campus Access:</strong> No User ID or Password Required 
506 |a Electronic access restricted to authorized BRAC University faculty, staff and students 
520 3 |a With the start of the process of its transition to a market economy in early 1990, Romania joined the ranks of other reforming Eastern European countries. At the starting point of its reform program, however, Romania was in a deep economic and institutional crisis and had no experience in even modest attempts to reform its economy. This paper outlines the main characteristics of the Romanian economic system before the reform, and presents the evolution of the reform program, as well as its achievements in the first year or so since it was launched. 
538 |a Mode of access: Internet 
700 1 |a Khan, Mohsin. 
830 0 |a IMF Working Papers; Working Paper ;  |v No. 1991/080 
856 4 0 |z Full text available on IMF  |u http://elibrary.imf.org/view/journals/001/1991/080/001.1991.issue-080-en.xml  |z IMF e-Library